000 00813nam0a22002651 4500
001 rc\4848970
005 20250613015652.0
021 _aRU
_b[61-61368]
035 _a(NLR Aleph) 008897781
090 _a8683126
_c8683126
100 _a20130426d1961 |||y0rusy50 ca
101 0 _arus
102 _aRU
105 _aa z |||||
200 1 _aМаришкины сказки
_e[Для дошкольного возраста]
_fРис. Я. Якима
210 _aТюмень
_cКн. изд-во
_d1961
215 _a32 с.
_cил.
_d26
608 _aСказки русские (д. л.)
_2psbo
700 1 _aТкаченко
_bК.И.
_gКира Ивановна
702 1 _aЯким
_bЯ.
_4440
801 0 _aRU
_bNLR
_gpsbo
801 1 _aRU
_bELAR
_2rusmarc
852 _aNLR
_j61-7/1631
942 _cBOOK
980 _aNB